Normal view MARC view

Entry Personal Name

Number of records used in: 1

001 - CONTROL NUMBER

  • control field: 9413

003 - CONTROL NUMBER IDENTIFIER

  • control field: DLC

005 - DATE AND TIME OF LATEST TRANSACTION

  • control field: 20230904121304.0

008 - FIXED-LENGTH DATA ELEMENTS

  • fixed length control field: 111108nc azannaabn |b aaa

010 ## - LIBRARY OF CONGRESS CONTROL NUMBER

  • LC control number: n 2011077971

035 ## - SYSTEM CONTROL NUMBER

  • System control number: (OCoLC)oca09029963

040 ## - CATALOGING SOURCE

  • Original cataloging agency: DLC
  • Language of cataloging: eng
  • Description conventions: rda
  • Transcribing agency: DLC
  • Modifying agency: HkU

046 ## - SPECIAL CODED DATES

  • Birth date: 1969-03
  • Source of date scheme: edtf

100 1# - HEADING--PERSONAL NAME

  • Personal name: Wang, Susheng

371 ## - ADDRESS

  • Electronic mail address: wangss@sustc.edu.cn

372 ## - FIELD OF ACTIVITY

  • Field of activity: Financial engineering
  • Field of activity: Investment banking
  • Field of activity: Fiscal policy
  • Source of term: lcsh

373 ## - ASSOCIATED GROUP

  • Associated group: Nan fang ke ji da xue

374 ## - OCCUPATION

  • Occupation: University and college faculty members
  • Source of term: lcdgt

377 ## - ASSOCIATED LANGUAGE

  • Language code: chi

400 1# - SEE FROM TRACING--PERSONAL NAME

  • Personal name: 王苏生

670 ## - SOURCE DATA FOUND

  • Source citation: Shenzhen jian she jin rong zhong xin yan jiu, 2010:
  • Information found: t.p. (王苏生 = Wang Susheng)

670 ## - SOURCE DATA FOUND

  • Source citation: Shenzhen ke ji chuang xin zhi lu, 2018:
  • Information found: title page (王苏生 = Wang Susheng) back cover flap (Wang Susheng; Ph.D. in law, Peking University; postdoctor, Tsinghua University; MBA, University of Chicago; Ph.D. tutor, Harbin Institute of Technology, Shenzhen; member of president's office, minister planning and development, director of major projects office, dean of Innovation and Entrepreneurship Shcool, Southern University of Science and Technology)

670 ## - SOURCE DATA FOUND

  • Source citation: Southern University of Science and Technology webpage, viewed November 5, 2019
  • Information found: (Wang Susheng; born in March 1969; vice president, National Economic and Geographical Research Association; president, Shenzhen Public Administration Association; CFA and CPA professional qualification; member of president's office, director of planning and development, director of major project office, dean, College of Innovation and Entrepreneurship, professor, Finance Department, Southern University of Science and Technology; research insterests: financial engineering, investment banking, fiscal and tax policies; email: wangss@sustc.edu.cn)
  • Uniform Resource Identifier: https://www.sustech.edu.cn/en/wangsusheng.html?lang=en

Powered by Koha